[Event "Morbihan-ch 0809"]
[Site "Morbihan"]
[Date "2009.02.28"]
[Round "5"]
[White "Derrien, Cyrille"]
[Black "Roussel, Yannis"]
[Result "0-1"]
[WhiteElo "1160"]
[BlackElo "1605"]
[PlyCount "86"]
[EventDate "2008.10.??"]
[EventType "tourn"]
[EventRounds "7"]
[EventCountry "FRA"]
[SourceTitle "EXT 2010"]
[Source "ChessBase"]
[SourceDate "2010.11.25"]
[SourceVersion "1"]
[SourceVersionDate "2010.11.25"]
[SourceQuality "1"]

1. d4 d5 2. Nc3 Nf6 3. Bf4 Bd7 4. e3 e6 5. Nf3 Nh5 6. Bg3 Nxg3 7. hxg3 Bb4 8. Qd2 Bc6 9. Ne5 0-0 10. Bd3 h6 11. 0-0-0 Nd7 12. Ng4 Qg5 13. f3 f5 14. Nxh6+ gxh6 15. Rh3 Bxc3 16. bxc3 Nf6 17. Rdh1 h5 18. Be2 Kf7 19. f4 Qg7 20. Bxh5+ Ke7 21. Bf3 Kd8 22. Qd3 Ne4 23. Rh7 Qxg3 24. Rh8 Re8 25. Rxe8+ Bxe8 26. Rh8 Qe1+ 27. Bd1 Nxc3 28. a3 Qxd1+ 29. Qxd1 Nxd1 30. Kxd1 Ke7 31. Rh7+ Kd6 32. Rh8 Rc8 33. Kd2 Bd7 34. Rxc8 Bxc8 35. Kc3 a5 36. Kb3 b5 37. a4 b4 38. c3 bxc3 39. Kxc3 Ke7 40. g3 Kf6 41. Kd2 Kg6 42. Ke2 Bd7 43. Kf3 Kh5 0-1